Score 0/7 Timer 03:00
0 Plays Today
Question Answer Wrong Answers
Clarence House in London formally announces the engagement of ______, who eventually marry in the spring of 2018.
2017
Prince Harry & Meghan Markle
95.7%
Hailey Baldwin & Justin Bieber
0.8%
John Legend & Chrissy Teigen
0.6%
Nick Jonas & Priyanka Chopra
1%
This film starring Idina Menzel and Kristen Bell receives its general theatrical release, eventually becoming the highest-grossing animated film of all time.
2013
Frozen
92.9%
Moana
1.8%
Coco
1.1%
Brave
2.5%
This American-Chinese actor, martial artist, and screenwriter, founder of the martial art Jeet Kune Do and star of the film ‘Enter the Dragon’, is born.
1940
Bruce Lee
84.2%
Jackie Chan
10.1%
Jet Li
5.1%
Donnie Yen
0.3%
The Coup of 1856 takes place in this small landlocked country in western Europe, leading to the unilateral adoption of a new, reactionary constitution.
1856
Luxembourg
80.1%
Monaco
8.1%
Slovenia
5.9%
Belarus
5.6%
While playing for the Detroit Red Wings, this man, nicknamed ‘Mr. Hockey’, becomes the first NHL player to score 1,000 points.
1960
Gordie Howe
64%
Wayne Gretzky
20.9%
Mario Lemieux
3.9%
Bobby Hull
10.1%
Invoking this Amendment to the US Constitution, the US Senate votes 92-3 to confirm Gerald Ford as Vice President of the United States.
1973
25th
52.3%
20th
17.2%
14th
16%
4th
13.1%
CARE, then called the Cooperative for ______ to Europe, is founded to send CARE Packages of food and supplies to post-war Europe.
1945
American Remittances
19.5%
Atlantic Relief
43.1%
Aid Repository
31.1%
Assistance Receptacles
5.5%
Remove Ads.
Support Sporcle.
Get the best of Sporcle when you Go Orange. This ad-free experience offers more features, more stats, and more fun while also helping to support Sporcle. Thank you for becoming a member.

You're not logged in!

Compare scores with friends on all Sporcle quizzes.
OR
Log In

Show Comments

Extras

Top Quizzes Today


Score Distribution

Your Account Isn't Verified!

In order to create a playlist on Sporcle, you need to verify the email address you used during registration. Go to your Sporcle Settings to finish the process.

Report this User

Report this user for behavior that violates our Community Guidelines.

Details: